Najwięcej występów w reprezentacji Portugalii - Statystyki

Ogólne statystyki
  • Ten quiz został rozwiązany 467 razy
  • Średni wynik to 5 z 10
Statystyki odpowiedzi
Miejsce Zawodnik Lata gry Mecze Bramki % Poprawnych
1 Cristiano Ronaldo 2003–obecnie 206 128
100%
3 Pepe 2007–obecnie 136 8
87%
4 Luís Figo 1991–2006 127 32
75%
7 Rui Patrício 2010–obecnie 108 0
56%
5 Nani 2006–2017 112 23
53%
9 Rui Costa 1993–2004 94 26
43%
10 Ricardo Carvalho 2003–2016 89 5
35%
2 João Moutinho 2005–obecnie 146 7
27%
8 Bruno Alves 2007–2018 96 11
8%
6 Fernando Couto 1990–2004 110 8
4%
Nie znaleziono quizów pasujących do podanych kryteriów
Rozkład punktacji
Procent ludzi z każdym wynikiem
Percentyl według liczby udzielonych odpowiedzi
Twoja historia wyników
Nie rozwiązałeś tego quizu